00278nam a2200109Ia 4500008004100000082001400041100002000055245003300075260003000108300000800138650002200146191201s2018 xx 000 0 und d a615.1 SIH aSIDDIQUI, Rafat 0aHospital & Clinical Pharmacy bTara PubaNew Delhic2018 a199 aClinical Pharmacy